[Event "SVK-ch U16"]
[Site "Stara Lubovna"]
[Date "2022.05.23"]
[Round "3"]
[White "Lovcican, Tomas"]
[Black "Skreko, Igor1111"]
[Result "1/2-1/2"]
[WhiteElo "2024"]
[BlackElo "2065"]
[PlyCount "85"]
[EventDate "2022.05.21"]
[EventType "swiss"]
[EventRounds "9"]
[EventCountry "SVK"]
[SourceTitle "CBM 208 Extra"]
[Source "ChessBase"]
[SourceDate "2022.07.31"]
[SourceVersion "1"]
[SourceVersionDate "2022.07.31"]
[SourceQuality "1"]

1. e4 c5 2. Nf3 d6 3. d4 cxd4 4. Nxd4 Nf6 5. Nc3 a6 6. h3 e5 7. Nde2 Be7 8. g4 Be6 9. Bg2 h6 10. Be3 Nbd7 11. Ng3 Nb6 12. 0-0 Nc4 13. Bc1 Rc8 14. Nf5 Bxf5 15. exf5 Qc7 16. Nd5 Nxd5 17. Qxd5 Na5 18. Be3 0-0 19. c3 b5 20. Rad1 Nc4 21. Bc1 Rb8 22. Kh1 Rfc8 23. Rfe1 b4 24. cxb4 Rxb4 25. b3 Nb6 26. Qa5 d5 27. Qxa6 Ra8 28. Qe2 e4 29. Be3 Qb7 30. f3 Bh4 31. Bf2 Bxf2 32. Qxf2 Nd7 33. fxe4 dxe4 34. Re2 Nf6 35. Qc5 Rb5 36. Qc4 Rb4 37. Qc5 Rb5 38. Qc2 Rc8 39. Qb1 Rb4 40. Rde1 Rd4 41. Rd1 Rcd8 42. Ree1 Qb4 43. Rxd4 1/2-1/2

[Event "SVK-chT1E 2122"]
[Site "Slovakia"]
[Date "2022.05.15"]
[Round "11.6"]
[White "Lovcican, Tomas"]
[Black "Sekova, Olivia"]
[Result "1-0"]
[WhiteElo "2024"]
[BlackElo "1694"]
[PlyCount "65"]
[EventDate "2022.01.29"]
[EventType "team-tourn"]
[EventRounds "11"]
[EventCountry "SVK"]
[SourceTitle "EXT 2023"]
[Source "ChessBase"]
[SourceDate "2022.10.05"]
[SourceVersion "1"]
[SourceVersionDate "2022.10.05"]
[SourceQuality "1"]
[WhiteTeam "Banska Bystrica Junior"]
[BlackTeam "Humenne Reinter II"]
[WhiteTeamCountry "SVK"]
[BlackTeamCountry "SVK"]

1. e4 c5 2. Nf3 Nc6 3. d4 cxd4 4. Nxd4 g6 5. Nc3 Bg7 6. Be3 Nf6 7. Bc4 d6 8. f3 Qb6 9. Bb5 Qc7 10. Nd5 Nxd5 11. exd5 a6 12. Ba4 Qa5+ 13. c3 Qxd5 14. Nxc6 Qxd1+ 15. Rxd1 Bd7 16. Nxe7 Bxa4 17. Nd5 0-0 18. b3 Bc6 19. c4 Bxd5 20. Rxd5 Rfe8 21. Kf2 Re6 22. Rhd1 Rae8 23. R1d3 Bf8 24. a4 Re5 25. Rxe5 dxe5 26. Rd7 Re7 27. Rd8 f5 28. Bh6 Rf7 29. Rb8 f4 30. Ke2 Rf5 31. Kd3 g5 32. Ke4 Rf7 33. Rxf8+ 1-0

[Event "SVK-ch Amateurs"]
[Site "Topolcany"]
[Date "2021.08.06"]
[Round "1"]
[White "Shevchenko, Danylo"]
[Black "Lovcican, Tomas"]
[Result "1-0"]
[WhiteElo "2170"]
[BlackElo "1810"]
[PlyCount "57"]
[EventDate "2021.08.06"]
[EventType "swiss"]
[EventRounds "7"]
[EventCountry "SVK"]
[SourceTitle "EXT 2022"]
[Source "ChessBase"]
[SourceDate "2021.10.06"]
[SourceVersion "1"]
[SourceVersionDate "2021.10.06"]
[SourceQuality "1"]

1. e4 c5 2. d4 cxd4 3. c3 Nc6 4. cxd4 d5 5. exd5 Qxd5 6. Nf3 Bg4 7. Nc3 Bxf3 8. gxf3 Qxd4 9. Qxd4 Nxd4 10. Nb5 0-0-0 11. Nxd4 Rxd4 12. Be3 Rd6 13. Bxa7 Nf6 14. Bb5 Nd5 15. Rc1+ Nc7 16. 0-0 e5 17. Rc2 Be7 18. Rfc1 Bd8 19. Kf1 b6 20. Ba6+ Kd7 21. Bb7 Ne6 22. Bb8 Rd3 23. Bxe5 Bg5 24. Re1 Nc5 25. Be4 Nxe4 26. Rc7+ Ke6 27. Rxe4 f5 28. Re1 Bf6 29. Bf4+ 1-0

[Event "SVK-ch U14"]
[Site "Lubovna"]
[Date "2020.08.21"]
[Round "8"]
[White "Skreko, Igor1111"]
[Black "Lovcican, Tomas"]
[Result "1-0"]
[WhiteElo "1845"]
[BlackElo "1784"]
[PlyCount "131"]
[EventDate "2020.08.15"]
[EventType "swiss"]
[EventRounds "9"]
[EventCountry "SVK"]
[SourceTitle "EXT 2021"]
[Source "ChessBase"]
[SourceDate "2020.10.23"]
[SourceVersion "1"]
[SourceVersionDate "2020.10.23"]
[SourceQuality "1"]

1. d4 Nf6 2. c4 c5 3. d5 e6 4. Nc3 exd5 5. cxd5 d6 6. e4 g6 7. Nf3 Bg7 8. Bd3 0-0 9. 0-0 Re8 10. Nd2 a6 11. a4 Nbd7 12. f4 Qc7 13. h3 Nb6 14. Qc2 Bd7 15. Be2 Nfxd5 16. exd5 Bxc3 17. bxc3 Rxe2 18. c4 Bf5 19. Qc3 Qe7 20. Rf3 Re8 21. a5 Nc8 22. Bb2 f6 23. g4 Bd7 24. Nf1 Kf7 25. Ra3 Re4 26. Rb3 Ba4 27. Rxb7 Rd4 28. Rxe7+ Rxe7 29. Re3 Rb7 30. Qc1 Rd1 31. Qc3 Rd4 32. Nd2 f5 33. gxf5 gxf5 34. Qa3 Rxd2 35. Qxa4 Ne7 36. Bc1 Rb1 37. Re1 Rd4 38. Qc2 Rb4 39. Qg2 Rdxc4 40. Qg5 Re4 41. Rxe4 fxe4 42. Qh5+ Kf8 43. Qxh7 Rb1 44. Qh6+ Kf7 45. f5 Nxf5 46. Qe6+ Kg7 47. Qxf5 Rxc1+ 48. Kf2 Rc2+ 49. Ke3 Rc3+ 50. Kxe4 Rc4+ 51. Kf3 Rb4 52. Qd7+ Kg8 53. Qxd6 Rb5 54. Qxa6 Rb8 55. Qg6+ Kh8 56. Qf6+ Kg8 57. Qe6+ Kg7 58. Qe7+ Kh8 59. Qe5+ Kh7 60. Qxb8 c4 61. Qc7+ Kg8 62. Qxc4 Kf8 63. Qc7 Ke8 64. a6 Kf8 65. a7 Ke8 66. a8Q# 1-0

[Event "SVK-chT1E 1920"]
[Site "Slovakia"]
[Date "2019.11.10"]
[Round "4.8"]
[White "Elias, David"]
[Black "Lovcican, Tomas"]
[Result "1-0"]
[WhiteElo "1912"]
[BlackElo "1755"]
[PlyCount "27"]
[EventDate "2019.10.12"]
[EventType "team-tourn"]
[EventRounds "11"]
[EventCountry "SVK"]
[SourceTitle "CBM 193 Extra"]
[Source "ChessBase"]
[SourceDate "2020.01.31"]
[SourceVersion "1"]
[SourceVersionDate "2020.01.31"]
[SourceQuality "1"]
[WhiteTeam "Sabinov"]
[BlackTeam "Banska Bystrica Junior"]
[WhiteTeamCountry "SVK"]
[BlackTeamCountry "SVK"]

1. e4 c5 2. Nc3 d6 3. f4 Nc6 4. Nf3 Nf6 5. Bc4 Bg4 6. e5 dxe5 7. fxe5 Bxf3 8. Qxf3 Nd4 9. Qf4 g5 10. Qf2 a6 11. exf6 b5 12. Bd5 b4 13. Qxd4 Rc8 14. Qe4 1-0

[Event "EU-ch U14"]
[Site "Bratislava"]
[Date "2019.08.09"]
[Round "8"]
[White "Nemegeer, Arne"]
[Black "Lovcican, Tomas"]
[Result "0-1"]
[WhiteElo "1803"]
[BlackElo "1639"]
[PlyCount "72"]
[EventDate "2019.08.02"]
[EventType "swiss"]
[EventRounds "9"]
[EventCountry "SVK"]
[SourceTitle "EXT 2020"]
[Source "ChessBase"]
[SourceDate "2019.10.17"]
[SourceVersion "1"]
[SourceVersionDate "2019.10.17"]
[SourceQuality "1"]

1. e4 c5 2. Nc3 d6 3. Nf3 Nf6 4. d4 cxd4 5. Nxd4 Nc6 6. f3 g6 7. Be3 Bg7 8. Qd2 0-0 9. 0-0-0 a6 10. g4 Bd7 11. h4 b5 12. h5 b4 13. Nd5 Nxd5 14. exd5 Nxd4 15. Bxd4 Bxd4 16. Qxd4 g5 17. h6 f6 18. Rh5 Rf7 19. Be2 Qa5 20. Kb1 Bb5 21. Bxb5 axb5 22. f4 Qxa2+ 23. Kc1 gxf4 24. g5 Qc4 25. Qxc4 bxc4 26. Rd4 c3 27. bxc3 bxc3 28. Kd1 f3 29. Ke1 Ra2 30. Rc4 Rxc2 31. gxf6 Rxf6 32. Rg5+ Rg6 33. Rxg6+ hxg6 34. Kd1 Rd2+ 35. Kc1 Rxd5 36. Rxc3 Rc5 0-1

[Event "EU-ch U14"]
[Site "Bratislava"]
[Date "2019.08.07"]
[Round "6"]
[White "Tabuenca Mendataurigoitia, Pedro"]
[Black "Lovcican, Tomas"]
[Result "1-0"]
[WhiteElo "1910"]
[BlackElo "1639"]
[PlyCount "67"]
[EventDate "2019.08.02"]
[EventType "swiss"]
[EventRounds "9"]
[EventCountry "SVK"]
[SourceTitle "EXT 2020"]
[Source "ChessBase"]
[SourceDate "2019.10.17"]
[SourceVersion "1"]
[SourceVersionDate "2019.10.17"]
[SourceQuality "1"]

1. e4 c5 2. Nc3 d6 3. d4 cxd4 4. Qxd4 Nc6 5. Qd2 Nf6 6. b3 g6 7. Bb2 Bg7 8. 0-0-0 0-0 9. f3 a6 10. g4 b5 11. h4 Qa5 12. h5 Rd8 13. hxg6 fxg6 14. Kb1 Be6 15. g5 Nh5 16. Nge2 Rac8 17. Bh3 Bxh3 18. Rxh3 Rd7 19. f4 Nb4 20. f5 d5 21. a3 Nc6 22. Nxd5 b4 23. Rxh5 gxh5 24. Nf6+ Kh8 25. Nxd7 Bxb2 26. Kxb2 bxa3+ 27. Ka1 Nb4 28. c3 Nc6 29. Qd5 Qc7 30. g6 Nd8 31. g7+ Kxg7 32. Rg1+ Kh6 33. Qd2+ Qf4 34. Qxf4# 1-0

[Event "EU-ch U14"]
[Site "Bratislava"]
[Date "2019.08.02"]
[Round "1"]
[White "Lovcican, Tomas"]
[Black "Frank, Adam"]
[Result "1/2-1/2"]
[WhiteElo "1639"]
[BlackElo "2043"]
[PlyCount "56"]
[EventDate "2019.08.02"]
[EventType "swiss"]
[EventRounds "9"]
[EventCountry "SVK"]
[SourceTitle "EXT 2020"]
[Source "ChessBase"]
[SourceDate "2019.10.17"]
[SourceVersion "1"]
[SourceVersionDate "2019.10.17"]
[SourceQuality "1"]

1. e4 d6 2. d4 Nf6 3. Nc3 g6 4. f4 Bg7 5. Nf3 0-0 6. Be2 a6 7. a4 b6 8. 0-0 Bb7 9. Bd3 c5 10. h3 Nc6 11. Be3 Nb4 12. d5 e6 13. dxe6 fxe6 14. f5 exf5 15. exf5 d5 16. Na2 Nxd3 17. Qxd3 Ne4 18. fxg6 hxg6 19. Nc3 Ng3 20. Qxg6 Nxf1 21. Ng5 Rf6 22. Qh7+ Kf8 23. Rxf1 Rxf1+ 24. Kxf1 Qf6+ 25. Kg1 Qe5 26. Bf4 Qd4+ 27. Kh1 Qf6 28. Qh5 Kg8 1/2-1/2

[Event "SVK-ch U12"]
[Site "Liptovsky Mikulas"]
[Date "2018.04.27"]
[Round "9"]
[White "Lovcican, Tomas"]
[Black "Zumrik, Lukas"]
[Result "1/2-1/2"]
[WhiteElo "1660"]
[BlackElo "1468"]
[PlyCount "41"]
[EventDate "2018.04.21"]
[EventType "swiss"]
[EventRounds "9"]
[EventCountry "SVK"]
[SourceTitle "CBM 184 Extra"]
[Source "ChessBase"]
[SourceDate "2018.06.28"]
[SourceVersion "1"]
[SourceVersionDate "2018.06.28"]
[SourceQuality "1"]

1. d4 d5 2. c4 c6 3. Nc3 Nf6 4. Nf3 e6 5. Bg5 Nbd7 6. e3 Qa5 7. Bxf6 Nxf6 8. Qc2 Bd6 9. Bd3 0-0 10. 0-0 h6 11. e4 dxe4 12. Nxe4 Nxe4 13. Bxe4 Qc7 14. Rfe1 c5 15. Rad1 cxd4 16. Rxd4 Bc5 17. Rdd1 Bd7 18. Ne5 Rad8 19. h3 Bc6 20. Rxd8 Rxd8 21. Bxc6 1/2-1/2

[Event "SVK-ch U12"]
[Site "Liptovsky Mikulas"]
[Date "2018.04.22"]
[Round "3"]
[White "Krupa, Miroslav"]
[Black "Lovcican, Tomas"]
[Result "1-0"]
[WhiteElo "2002"]
[BlackElo "1660"]
[PlyCount "153"]
[EventDate "2018.04.21"]
[EventType "swiss"]
[EventRounds "9"]
[EventCountry "SVK"]
[SourceTitle "CBM 184 Extra"]
[Source "ChessBase"]
[SourceDate "2018.06.28"]
[SourceVersion "1"]
[SourceVersionDate "2018.06.28"]
[SourceQuality "1"]

1. d4 Nf6 2. Bf4 d6 3. Nc3 g6 4. e4 Bg7 5. Qd2 0-0 6. 0-0-0 Nbd7 7. h4 h5 8. f3 c5 9. dxc5 Nxc5 10. Bh6 Qc7 11. Bxg7 Kxg7 12. Qd4 Ne6 13. Qe3 Qc5 14. Qxc5 Nxc5 15. Bc4 Be6 16. Bd5 Rac8 17. Nge2 Bxd5 18. Nxd5 Nxd5 19. Rxd5 Ne6 20. Rhd1 Rc6 21. Nc3 Rfc8 22. R5d2 Nc7 23. Re1 Rc5 24. g3 b5 25. Kb1 b4 26. Ne2 Ne6 27. Rc1 a5 28. c3 Kf6 29. cxb4 Rxc1+ 30. Nxc1 axb4 31. Rd5 Rc5 32. Nd3 Rc4 33. Nf4 Nd4 34. b3 e6 35. Rxd6 Nb5 36. bxc4 Nxd6 37. c5 Nb5 38. Nd3 Ke7 39. Nxb4 Kd7 40. g4 hxg4 41. fxg4 Nc3+ 42. Kc2 Nxe4 43. c6+ Kc7 44. h5 gxh5 45. gxh5 f5 46. h6 Ng5 47. a4 e5 48. a5 f4 49. a6 Kb6 50. Kd2 e4 51. Ke2 f3+ 52. Ke3 Nh7 53. Kxe4 f2 54. Nd5+ Kxc6 55. Ne3 Kb6 56. Kf3 Kxa6 57. Kxf2 Kb6 58. Kf3 Kc6 59. Kf4 Kd6 60. Kf5 Ke7 61. Kg6 Nf8+ 62. Kg7 Ne6+ 63. Kg8 Ng5 64. Ng4 Ke6 65. Kg7 Ke7 66. Ne5 Ne6+ 67. Kg8 Ng5 68. Nf3 Ne4 69. Kg7 Nf6 70. Ne5 Ne8+ 71. Kg6 Nf6 72. Nc6+ Ke6 73. Nb4 Ke5 74. Nd5 Nd7 75. Kg7 Nc5 76. h7 Ne6+ 77. Kg8 1-0